[Event "Leitersdorf Region-ch"]
[Site "Leitersdorf"]
[Date "2014.01.02"]
[Round "1"]
[White "Zach, Hannes"]
[Black "Toelly, Michael"]
[Result "0-1"]
[WhiteElo "1570"]
[BlackElo "1789"]
[PlyCount "58"]
[EventDate "2014.01.02"]
[EventType "swiss"]
[EventRounds "5"]
[EventCountry "AUT"]
[SourceTitle "CBM 158 Extra"]
[Source "ChessBase"]
[SourceDate "2014.02.28"]
[SourceVersion "1"]
[SourceVersionDate "2014.02.28"]
[SourceQuality "1"]

1. e4 e5 2. Nf3 Nc6 3. Bb5 a6 4. Bxc6 dxc6 5. 0-0 f6 6. h3 Bc5 7. d3 Ba7 8. Re1 Ne7 9. Be3 c5 10. Nbd2 Be6 11. Nb3 Qd6 12. Qd2 Bb6 13. Na5 Bxa5 14. Qxa5 b6 15. Qd2 g5 16. Nh2 h5 17. f3 Qd7 18. Qe2 Ng6 19. Rad1 Nf4 20. Qf2 0-0-0 21. Rd2 Rdg8 22. Kf1 Bxh3 23. Bxf4 gxf4 24. Qg1 Rg6 25. Rf2 Rhg8 26. Ke2 Rxg2 27. Qh1 Qd4 28. Ref1 Qe3+ 29. Kd1 Rxf2 0-1